La iglesia, libertad del mundo: conferencias de nuestra señora de París

সংরক্ষণ করুন:
গ্রন্থ-পঞ্জীর বিবরন
প্রধান লেখক: Riquet, Miguel (Author)
বিন্যাস: গ্রন্থ
ভাষা:স্প্যানিশ
প্রকাশিত: Bilbao Desclée de Brouwer 1956
মালা:Cuestiones Actuales
বিষয়গুলি:
ট্যাগগুলো: ট্যাগ যুক্ত করুন
কোনো ট্যাগ নেই, প্রথমজন হিসাবে ট্যাগ করুন!

MARC

LEADER 00000nam a2200000 a 4500
001 UCR2123
003 CL-VaPUC
008 980109e19560000SP |||||||||||||||||spa|d
082 0 4 |a 230  |b RIQ  |2 21 
100 0 |a Riquet, Miguel  |e author  |9 399825 
245 1 3 |a La iglesia, libertad del mundo: conferencias de nuestra señora de París 
300 |a 216 p 
942 |c BK 
945 |d 19980109 00:00:00  |a jquezada 
260 |a Bilbao  |b Desclée de Brouwer  |c 1956 
600 0 |a Iglesia católica  |9 255129 
650 0 |a Teología cristiana  |9 308336 
650 0 |a Determinismo  |9 322357 
650 0 |a Libertad  |9 255686 
650 0 |a Conciencia  |9 309452 
650 0 |a Autoridad   |9 257105 
650 7 |a OBEDIENCIA  |2 CL-VaPUC  |9 376616 
650 0 |a Amor  |9 257817 
650 0 |a Iglesia y Estado  |9 254995 
650 0 |a Ciencia  |9 255691 
650 7 |a FISICA Y TEOLOGIA  |2 CL-VaPUC  |9 399826 
583 |a last modification  |c 19980109 00:00:00  |k Rodrigo Vera 
490 0 |a Cuestiones Actuales 
999 |c 265388  |d 265386 
952 |0 0  |1 0  |4 0  |6 230_000000000000000_RIQ_1956  |7 0  |8 A  |9 296291  |a BIBTEO  |b BIBTEO  |d 2019-11-20  |i 3387429  |o 230 RIQ 1956  |p 3387429  |r 2025-01-17  |w 2019-11-20  |y BK  |k ICR